000 00480nam a2200193Ia 4500
005 20250603145044.0
008 250603s9999 xx 000 0 und d
020 _a9789785390476
050 _aRA 485 .G85/
100 _aEdited by Christopher Obionu
245 0 _aGuide to tropical public health and community medicine
250 _a1st ed.
260 _aNigeria
260 _bEZU BOOKS LIMITED
260 _c2018
300 _a761 p
650 _aNigeria
942 _cBK
999 _c40736
_d40736